| 000 | 01632nam a2200337 c 4500 | ||
|---|---|---|---|
| 999 |
_c159420 _d159420 |
||
| 003 | BLK | ||
| 005 | 20221028132244.0 | ||
| 008 | 180410b bul|||||r ||||||| ||bul|| | ||
| 010 | _aKNG00166538000 | ||
| 040 | _aBLK | ||
| 041 |
_aBUL _cBUL |
||
| 080 |
_aРентабилност. Рационализация. Производителност. Ефективност на производството _b005.61 _x.5(075.8) _z005.61.5(075.8) |
||
| 080 |
_aМашини и устройства за обработка на данни. Вж и 004; 003; 007; 621.391; 65.011.56 _b65.011.5 _x(075.81) _z65.011.5(075.81) |
||
| 100 | 1 |
_aХинов, Хинко Миков _eпърви автор _9376494 |
|
| 139 |
_aХинов, Хинко Миков _bХ 51 |
||
| 245 | 1 | 0 |
_aАвтоматизация на технологични процеси _bУчебник за студентите от ВМЕИ В. И. Ленин - София _cХинко Миков Хинов. |
| 250 | _a2. изд | ||
| 257 | _aBGR | ||
| 260 |
_aСофия _bТехника _c1977 |
||
| 300 |
_a368 с. _bс черт., табл. _c22 см |
||
| 380 | _a0 | ||
| 500 | _a1. изд. 1970. - 4 066 тир. - Библиогр. с. 364-368. | ||
| 650 | 4 |
_aАвтоматизация на производството - учебници за ВУЗ _9248674 |
|
| 650 | 4 |
_aАвтоматизирани системи за управление - учебници за ВУЗ _9247220 |
|
| 653 | _aавтоматизирани технологични системи | ||
| 653 | _aучебници за ВУЗ | ||
| 852 |
_aЦб 85951 _bЦб |
||
| 856 | 4 |
_qpdf _i0.00 _ldisable |
|
| 856 | 4 |
_qpdf _i0.00 _ldisable |
|
| 942 |
_cKNG _n0 _s1 |
||
| 944 |
_aCR _c30.10.2014 _l30.10.2014 - от С1,Р / 30.10.2014 _kРадостина_Карадакова |
||
| 944 |
_aED _c30.10.2014 _l30.10.2014 - от С1,Р / 30.10.2014 |
||
| 944 |
_aED _c2022-10-28 |
||
| 999 | _d159420 | ||